00552nam a2200157 a 450000500170000000800410001705000240005810000180008224500750010025000200017565000200019565000220021594200080023799900190024595201300026420140414093842.0081126s19uu xx 00 eng d aDVD 530.1bWHA 2004 aVicente, Mark aWhat the Bleep do we know!? / :cMark Vicente.bdown the Rabbit hole / aQuantum Edition aQuantum Theory. aDocumentary film. cAVM c109362d109362 001040aLUXbLUXcAVd2008-11-26eLib. Fundl1oDVD 530.1 WHA 2004pAV1002r2018-04-03 00:00:00s2018-03-24w2014-04-14yAVM